Mysticism metaphysics and maritain
Tallennettuna:
| Päätekijä: | |
|---|---|
| Aineistotyyppi: | Kirja |
| Kieli: | englanti |
| Julkaistu: |
Chiloquin
Inner Growth Books
1993
|
| Aiheet: | |
| Tagit: |
Lisää tagi
Ei tageja, Lisää ensimmäinen tagi!
|
MARC
| LEADER | 00000nam a2200000 a 4500 | ||
|---|---|---|---|
| 001 | UCP1525 | ||
| 003 | CL-VaPUC | ||
| 005 | 20211109074526.0 | ||
| 008 | 990416e19930000us |||||||||||||||||eng|d | ||
| 999 | |c 280195 |d 280193 | ||
| 040 | |c Pontificia Universidad Católica de Valparaíso | ||
| 082 | 0 | 4 | |a 110 |b ARR |2 21 |
| 100 | 0 | |a Arraj, james |e author |9 427605 | |
| 245 | 1 | 0 | |a Mysticism metaphysics and maritain |
| 260 | |a Chiloquin |b Inner Growth Books |c 1993 | ||
| 300 | |a 182 p | ||
| 583 | |a last modification |c 20171218 11:55:59 |k Rodrigo Vera | ||
| 600 | |a Maritain, Jacques, |d 1882-1973 |9 862881 | ||
| 650 | 0 | |a Misticismo |9 265505 | |
| 650 | 0 | |a Metafísica |9 265649 | |
| 650 | 0 | |a Existencialismo |9 265698 | |
| 650 | 0 | |a Cristianismo |9 257361 | |
| 942 | |c BK |2 ddc | ||
| 945 | |d 19990416 00:00:00 |a rbrito | ||
| 952 | |0 0 |1 0 |4 0 |6 110_000000000000000_ARR_1993 |7 0 |8 A |9 320405 |a BIBEDU |b BIBEDU |d 2019-11-20 |i 3480623 |o 110 ARR 1993 |p 3480623 |r 2019-11-20 |w 2019-11-20 |y BK |k FIL | ||